Normal view
MARC view
- Telsang, Martand T
Entry Personal Name
001 - CONTROL NUMBER
- control field: 64146
003 - CONTROL NUMBER IDENTIFIER
- control field: NUST
005 - DATE AND TIME OF LATEST TRANSACTION
- control field: 20210628203230.0
008 - FIXED-LENGTH DATA ELEMENTS
- fixed length control field: 210628|| aca||aabn | a|a d
040 ## - CATALOGING SOURCE
- Original cataloging agency: NUST
- Transcribing agency: NUST
100 ## - HEADING--PERSONAL NAME
- Personal name: Telsang, Martand T
670 ## - SOURCE DATA FOUND
- Source citation: Work cat.: (NUST): Telsang, Martand T, Production management, 2005
